| 000 | 00437cam a2200193 4500 | ||
|---|---|---|---|
| 001 | D9052 | ||
| 008 | 090401t1980 xxu||||| |||| 00| 0 eng d | ||
| 035 | _a(Sirsi) u17173 | ||
| 041 | _aeng | ||
| 050 | _a690.2 | ||
| 100 | _aStone, P. A. | ||
| 245 | _aBuilding design evaluation: costs in use | ||
| 250 | _a3rd | ||
| 260 |
_aLondon _bSpon _c1980 |
||
| 300 | _axv. 235p. 21cm | ||
| 350 | _a5.75 | ||
| 942 | _n0 | ||
| 948 | _c04/03/1997 | ||
| 999 |
_c87481 _d87481 |
||